00381nam a2200133Ia 4500008004000000020001500040082001500055100002300070245006600093250000500159260003400164300001100198650003800209210210b1982 xxu||||| |||| 00| 0 eng d aO47186546X a519.2 LARI aLARSON (Harold J). aIntroduction to probability theory and statistical inference. a aNYbJohn Wiley and Sonsc1982 axi,637 aProbability statistical inference